| 000 | 00941nam a2200217 i 4500 | ||
|---|---|---|---|
| 001 | 167587 | ||
| 003 | ES-MaACL | ||
| 005 | 20250806063137.0 | ||
| 008 | 001010m17961803sp |||| | spa d | ||
| 100 | 1 |
_aVillanueva, Joaquín Lorenzo, _d1757-1837 _9115023 |
|
| 245 | 1 | 0 |
_aDominicas, ferias y fiestas movibles del año christiano de España / _cpor Don Joaquín Lorenzo Villanueva ; tomo primero [-sexto]. |
| 260 |
_aMadrid : _ben la Imprenta Real por Don Pedro Julián Pereyra, _c1796-1803. |
||
| 300 |
_a6 v. ; _c20 cm. |
||
| 530 | _aDisponible en formato digital. | ||
| 597 | _aPort. con escudo real xilográfico. | ||
| 597 | _aTexto con notas a pie de página a dos columnas. | ||
| 650 | 7 |
_aFiestas religiosas- _zEspaña _2 _9163519 |
|
| 852 | 4 |
_aES-MaACL _jC-20049-54 _z- Enc. pasta española |
|
| 856 | 4 |
_uhttp://bdh-rd.bne.es/viewer.vm?id=0000164245&page=1 _zBiblioteca Digital Hispánica |
|
| 999 |
_c167587 _d167587 |
||